Nel cuore degli uomini

Uloženo v:
Podrobná bibliografie
Hlavní autor: Boralevi Antonella
Médium: Kniha
Jazyk:neznámý jazyk
Vydáno: Milano Mondadori 1995
Tagy: Přidat tag
Žádné tagy, Buďte první, kdo vytvoří štítek k tomuto záznamu!

MARC

LEADER 00000nam a2200000Ia 4500
001 133
003 NUMERAZIONE-ORIGINALE-BRESCIA
005 20260206230748.0
008 260206s9999 xx 000 0 und d
100 |a Boralevi Antonella 
245 0 |a Nel cuore degli uomini 
260 |a Milano 
260 |b Mondadori 
260 |c 1995 
500 |a I sentimenti maschili messi a nudo 
500 |a Ingrandimenti 
942 |2 ddc  |c BK  |n 0 
952 |0 0  |1 0  |2 ddc  |4 0  |6 22  |7 0  |9 28323  |a BS  |b BS  |d 2026-02-06  |i 133  |l 0  |o 2-2-*  |r 2026-02-06 22:40:32  |w 2026-02-06  |x [REVISIONARE]  |y BK 
999 |c 24014  |d 24014